Sports Quiz

Random Sports or Golf Quiz

Augusta National Quiz Stats

 Plays Quiz Updated Mar 12, 2020

Support Sporcle.
Go Orange.
Score 0/18 Timer 04:00
0 Plays Today
Hole # Name % Correct
13Azalea
66.6%
5Magnolia
56.7%
18Holly
42.4%
2Pink Dogwood
40.8%
11White Dogwood
39.1%
12Golden Bell
37.9%
1Tea Olive
37.8%
15Firethorn
35.7%
6Juniper
31.5%
Hole # Name % Correct
14Chinese Fir
31.2%
3Flowering Peach
30.5%
4Flowering Crab Apple
30.4%
16Redbud
28.8%
7Pampas
26.8%
17Nandina
26.6%
8Yellow Jasmine
26.1%
9Carolina Cherry
25%
10Camellia
23.3%

From the Vault

You Choose Trivia

by wiggytitch

You can go the easy route or the hard route, the choice is yours.
Remove Ads.
Support Sporcle.
Get the best of Sporcle when you Go Orange. This ad-free experience offers more features, more stats, and more fun while also helping to support Sporcle. Thank you for becoming a member.

Show Comments

Extras

Top Quizzes Today


Score Distribution

Your Account Isn't Verified!

In order to create a playlist on Sporcle, you need to verify the email address you used during registration. Go to your Sporcle Settings to finish the process.

Report this User

Report this user for behavior that violates our Community Guidelines.

Details: